My Beautiful Dark Twisted Fantasy - Kanye West - Statistics

General Stats
  • This quiz has been taken 30 times
  • The average score is 12 of 13
Answer Stats
Songs Plays Artists % Correct
All Of The Lights 856,513,205 Kanye West
100%
Monster 434,673,548 Kanye West, JAY-Z, Rick Ross, Nicki Minaj, Bon Iver
100%
Runaway 1,022,648,624 Kanye West, Pusha T
100%
Devil In A New Dress 635,076,899 Kanye West, Rick Ross
96%
All Of The Lights (Interlude) 82,672,071 Kanye West
93%
Dark Fantasy 264,427,322 Kanye West
93%
POWER 1,095,897,316 Kanye West
93%
Hell Of A Life 122,816,288 Kanye West
89%
Who Will Survive In America 38,994,566 Kanye West
89%
Gorgeous 269,210,933 Kanye West, Kid Cudi, Raekwon
85%
Blame Game 103,168,552 Kanye West, John Legend
81%
Lost In The World 125,483,130 Kanye West, Bon Iver
67%
So Appaled 103,996,709 Kanye West, JAY-Z, Pusha T, CyHi, Swizz Beatz, RZA
67%
No matching quizzes found
Score Distribution
Percent of People with Each Score
Percentile by Number Answered
Your Score History
You have not taken this quiz